000
00210nam a22000977a 4500
082
_a
621.462 MOT'W
100
_a
WESTING
_9
65426
245
_a
MOTOR CONTROL TRAINING COURSE
260
_a
USA
_b
WMCTC
942
_c
BK
999
_c
573640
_d
573640